000 00887nam a22003250a 4500
001 PT45329
003 AR-LpoUNG
005 20210131231045.0
008 191001s2011||||uy |||||||||||||||||spa d
020 _a9789974697072
_c$3,20
040 _aAR-LpoUNG
_bspa
_cAR-LpoUNG
_eaacr
041 _aspa
044 _auy
082 0 _a808.068 3 652tda
100 1 _aDoering Tourville, Amanda
245 1 0 _aMi amigo tiene TDAH
250 _a1§ ed.
260 _aMontevideo :
_bLatinbooks,
_c2011.
300 _a24 p. :
_bil.
505 0 _aSugerido a partir de 8 años (etiqueta CELESTE)
650 4 _aCUENTOS
650 4 _aLITERATURA
651 4 _aDOCUMENTOS TEORICOS O METODOLOGICOS
653 _aLITERATURA INFANTIL
700 1 _aBerduque, María Carolina
_etr.
700 1 _aDe Sabato, Juan Cruz
_etr.
700 1 _aSorra, Kristin
_eil.
905 _a45329
942 _cLIB
999 _c7743
_d7743